000 02330cam a2200289 4500500
005 20260111094243.0
041 _afre
042 _adc
100 1 0 _aVigneron, Sylvain
_eauthor
245 0 0 _aLa sphère des relations foncières des ruraux
260 _c2003.
500 _a27
520 _aRésuméL’horizon des villages de la France du xviii e siècle est-il ouvert ou fermé ? Ce problème, récemment réveillé par des prises de position contradictoires, est ici soulevé à travers les mutations foncières qui sont, malgré la relative faiblesse de leur fréquence, l’occasion d’une mise en relation entre un vendeur et un acquéreur. Un premier niveau d’analyse rend compte de l’existence d’un tissu cellulaire corseté dans les limites du voisinage à l’intérieur duquel les relations intra-parentales sont primordiales. Pour autant, par-delà cet horizon de la quotidienneté, les acteurs du monde rural côtoyaient aussi les bourgeois des villes et brisaient même le carcan villageois en rencontrant des hommes issus de villes éloignées, françaises et étrangères.
520 _aWas the social horizon of xviiith-century French villages open or closed ? This problem was raised again by recent historiography, and is tackled here through the study of land sales. While not very frequent, these transactions created a relation between a buyer and a seller. At first, the analysis of these networks show that they formed a cellular tissue, closely confined within the borders of a neighborhood within which intraparental relationships were essential. However, beyond this horizon of daily life, rural actors also rubbed shoulders with the urban bourgeoisie, and at times even broke free from the yoke of village life by meeting with individuals from remote cities, French or foreign.
690 _abassin foncier
690 _aCambrésis
690 _aespace social
690 _ahorizon villageois
690 _amarché foncier
690 _aCambresis
690 _aland market
690 _aregions
690 _asocial space
690 _avillage horizon
786 0 _nHistoire & Sociétés Rurales | 20 | 2 | 2003-10-01 | p. 53-77 | 1254-728X
856 4 1 _uhttps://shs.cairn.info/revue-histoire-et-societes-rurales-2003-2-page-53?lang=fr&redirect-ssocas=7080
999 _c1628436
_d1628436